En Costa Rica: Iglesia limita estudios universitarios a sacerdotes /

Monseñor Arrieta Villalobos, Arzobispo de San José, tomó la disposición de prohibir estudios universitarios a quienes se dedican al sacerdocio, basándose en la desorientación y confusión que podría acarrear el ambiente en estos centros de enseñanza en las vocaciones religiosas de los futuros sacerdo...

ver descrição completa

Na minha lista:
Detalhes bibliográficos
Autor principal: Vargas Mora, William
Formato: Texto
Assuntos:
Tags: Adicionar Tag
Sem tags, seja o primeiro a adicionar uma tag!

MARC

LEADER 00000 a a2200000 04500
001 1364
003
040
100 |a Vargas Mora, William  
245 |a En Costa Rica:   |b Iglesia limita estudios universitarios a sacerdotes /  |c William Vargas Mora 
520 |a Monseñor Arrieta Villalobos, Arzobispo de San José, tomó la disposición de prohibir estudios universitarios a quienes se dedican al sacerdocio, basándose en la desorientación y confusión que podría acarrear el ambiente en estos centros de enseñanza en las vocaciones religiosas de los futuros sacerdotes. Esta medida provocó reacciones adversas por parte de los jóvenes cléricos que mantienenestudios superiores, pues según sus criterios, no consideran la pérdida de la fe como una consecuencia nefasta ante la adquisición de conocimientos que solo buscan ampliar su cultura y perspectiva de la vida. La medida es vista por una gran mayoría, como una acción retrograda y absurda. OB/EL  
650 |a IGLESIA CATOLICA  
650 |a ENSEÑANZA SUPERIOR  
650 |a EDUCACION  
650 |a IDEOLOGIAS  
773 |g número 54; páginas 21-22  
999 |c 32670  |d 32670